000 01153nam a2200337 i 4500
001 000007414
003 DO-SdBNP
005 20250903091725.0
007 ta
008 090908s1997 dr 000 0 spa d
020 _a8460546349
040 _aDO-SdBNP
_bspa
_cBNPHU
_erda
041 _aspa
082 4 _a658.562
_bC744s, 1997
_222
100 1 _aConcepción y García, Js. Gilberto,
_q(Jesús Gilberto)
_eautor
_4aut.
_981964
245 1 0 _aSimplemente calidad /
_cGilberto Concepción y García.
250 _aSegunda edición
264 1 _aSanto Domingo :
_bImpresora Saladín,
_c1997.
300 _axix, 191 páginas ;
_c22 cm.
336 _atexto
_btxt
_2rdacontent
337 _asin mediación
_bn
_2rdamedia
338 _avolumen
_bnc
_2rdacarrier
500 _aIncluye datos biográficos del autor en la solapa de la cubierta
504 _aBibliografía : p. 191
504 _aIncluye referencias bibliográficas y notas al pie de las páginas
590 _aInventariado, 2018/ YL
650 4 _aControl de calidad
_920593
650 4 _aCalidad de los productos
_920594
910 _aValidado. Control de calidad MFF
942 _2ddc
_cLBS1
999 _c7195
_d7195